<?xml version="1.0" encoding="UTF-8"?>
<record
    xmlns:xsi="http://www.w3.org/2001/XMLSchema-instance"
    xsi:schemaLocation="http://www.loc.gov/MARC21/slim http://www.loc.gov/standards/marcxml/schema/MARC21slim.xsd"
    xmlns="http://www.loc.gov/MARC21/slim">

  <leader>00842nam a2200301 a 4500</leader>
  <datafield tag="999" ind1=" " ind2=" ">
    <subfield code="c">580</subfield>
    <subfield code="d">580</subfield>
  </datafield>
  <controlfield tag="008">190920r19962013ii ||||g |||| 00| 0 eng d</controlfield>
  <datafield tag="020" ind1=" " ind2=" ">
    <subfield code="a">9788173190773</subfield>
    <subfield code="q">Vol.1</subfield>
    <subfield code="c">Rs. 375</subfield>
  </datafield>
  <datafield tag="020" ind1=" " ind2=" ">
    <subfield code="a">9788173194382</subfield>
    <subfield code="q">Vol.3</subfield>
    <subfield code="c">Rs. 375</subfield>
  </datafield>
  <datafield tag="020" ind1=" " ind2=" ">
    <subfield code="a">9788173193132</subfield>
    <subfield code="q">Vol.2</subfield>
    <subfield code="c">Rs. 375</subfield>
  </datafield>
  <datafield tag="040" ind1=" " ind2=" ">
    <subfield code="a">KO</subfield>
    <subfield code="b">eng</subfield>
  </datafield>
  <datafield tag="041" ind1="0" ind2=" ">
    <subfield code="a">eng</subfield>
  </datafield>
  <datafield tag="044" ind1=" " ind2=" ">
    <subfield code="a">ii</subfield>
  </datafield>
  <datafield tag="082" ind1="0" ind2="4">
    <subfield code="2">23</subfield>
    <subfield code="a">512</subfield>
    <subfield code="b">L9771</subfield>
  </datafield>
  <datafield tag="100" ind1="1" ind2=" ">
    <subfield code="a">Luthar, I. S.</subfield>
  </datafield>
  <datafield tag="245" ind1="1" ind2="0">
    <subfield code="a">Algebra /</subfield>
  </datafield>
  <datafield tag="260" ind1=" " ind2=" ">
    <subfield code="a">New Delhi :</subfield>
    <subfield code="b">Narosa Publishing House,</subfield>
    <subfield code="c">1996, reprinted 2013</subfield>
  </datafield>
  <datafield tag="300" ind1=" " ind2=" ">
    <subfield code="a">3 v ;</subfield>
    <subfield code="c">24 cm.</subfield>
  </datafield>
  <datafield tag="505" ind1="0" ind2=" ">
    <subfield code="a">Volume.1. Groups -- Volume.2. Rings -- Volume.3. Modules</subfield>
  </datafield>
  <datafield tag="650" ind1=" " ind2="0">
    <subfield code="a">Algebra</subfield>
    <subfield code="v">Textbooks</subfield>
  </datafield>
  <datafield tag="650" ind1=" " ind2="0">
    <subfield code="a">Group theory</subfield>
    <subfield code="v">Textbooks</subfield>
  </datafield>
  <datafield tag="700" ind1="1" ind2=" ">
    <subfield code="a">Passi, I. B. S.</subfield>
    <subfield code="e">aut</subfield>
  </datafield>
  <datafield tag="740" ind1="0" ind2="2">
    <subfield code="a">Groups</subfield>
  </datafield>
  <datafield tag="740" ind1="0" ind2="2">
    <subfield code="a">Modules</subfield>
  </datafield>
  <datafield tag="740" ind1="0" ind2="2">
    <subfield code="a">Rings</subfield>
  </datafield>
  <datafield tag="852" ind1=" " ind2=" ">
    <subfield code="a">KO</subfield>
  </datafield>
  <datafield tag="904" ind1=" " ind2=" ">
    <subfield code="a">S_JOY</subfield>
  </datafield>
  <datafield tag="942" ind1=" " ind2=" ">
    <subfield code="c">BK</subfield>
  </datafield>
  <datafield tag="952" ind1=" " ind2=" ">
    <subfield code="0">0</subfield>
    <subfield code="1">0</subfield>
    <subfield code="2">ddc</subfield>
    <subfield code="4">0</subfield>
    <subfield code="6">512_000000000000000_L9771_V_1</subfield>
    <subfield code="7">0</subfield>
    <subfield code="8">MATH</subfield>
    <subfield code="9">3593</subfield>
    <subfield code="a">KO</subfield>
    <subfield code="b">KO</subfield>
    <subfield code="c">GEN</subfield>
    <subfield code="d">2014-12-03</subfield>
    <subfield code="e">M/s Current Books (Inv. No.983 Dt 2014-11-24)</subfield>
    <subfield code="g">375.00</subfield>
    <subfield code="o">512 L9771 V.1</subfield>
    <subfield code="p">BK001167</subfield>
    <subfield code="r">2019-09-20</subfield>
    <subfield code="y">BK</subfield>
    <subfield code="z">Gen. Shelf-8, Row-1</subfield>
  </datafield>
  <datafield tag="952" ind1=" " ind2=" ">
    <subfield code="0">0</subfield>
    <subfield code="1">0</subfield>
    <subfield code="2">ddc</subfield>
    <subfield code="4">0</subfield>
    <subfield code="6">512_000000000000000_L9771_V_2</subfield>
    <subfield code="7">0</subfield>
    <subfield code="8">MATH</subfield>
    <subfield code="9">3594</subfield>
    <subfield code="a">KO</subfield>
    <subfield code="b">KO</subfield>
    <subfield code="c">GEN</subfield>
    <subfield code="d">2014-12-03</subfield>
    <subfield code="e">M/s Current Books (Inv. No.983 Dt 2014-11-24)</subfield>
    <subfield code="g">375.00</subfield>
    <subfield code="o">512 L9771 V.2</subfield>
    <subfield code="p">BK001174</subfield>
    <subfield code="r">2019-09-20</subfield>
    <subfield code="y">BK</subfield>
    <subfield code="z">Gen. Shelf-8, Row-1</subfield>
  </datafield>
  <datafield tag="952" ind1=" " ind2=" ">
    <subfield code="0">0</subfield>
    <subfield code="1">0</subfield>
    <subfield code="2">ddc</subfield>
    <subfield code="4">0</subfield>
    <subfield code="6">512_000000000000000_L9771_V_3</subfield>
    <subfield code="7">0</subfield>
    <subfield code="8">MATH</subfield>
    <subfield code="9">3603</subfield>
    <subfield code="a">KO</subfield>
    <subfield code="b">KO</subfield>
    <subfield code="c">GEN</subfield>
    <subfield code="d">2014-12-03</subfield>
    <subfield code="e">M/s Current Books (Inv. No.983 Dt 2014-11-24)</subfield>
    <subfield code="g">375.00</subfield>
    <subfield code="o">512 L9771 V.3</subfield>
    <subfield code="p">BK001170</subfield>
    <subfield code="r">2019-09-23</subfield>
    <subfield code="y">BK</subfield>
    <subfield code="z">Gen. Shelf-8, Row-1</subfield>
  </datafield>
</record>
